1122 1995 1744 1147 1862 1431 1116 1016 1268 1534 1566 1831 1788 1640 1516 1520 1038 1263 1645 1117 1740 1694 1726 1103 1565 1551 1674 1967 1767 1117 1741 1921 1151 1561 1594 1303 1225 1189 1707 1947 1930 1403 1879 1065 1977 1928 1820 1496 1031 1769 1734 1959 1068 1912 1441 1046 1354 1975 1821 1878 1223 1515 1653 1015 1066 1309 1856 1760 1416 1699 1529 1229 1196 1115 1244 1814 1798 1511 1339 1134 1310 1206 1711 1088 1638 1985 1533 1049 1418 1746 1158 1129 1889 1407 1166 1632 1985 1642 1804 BCNSPRNW ULIB Ver.6.0+V

เปลี่ยนเป็นภาษาไทย

Change to English
 แสดงรายละเอียดบรรณานุกรม
  กลับหน้าหลัก

Brief Record : Get Marc (ISO 2709) : E-mail record : QR code < ปิดหน้าต่าง
LEADER : 00000nam 2200000uu 4500
001    13399113491
003     ULIB
008    110426s2551||||th 000 0 tha d
020    9749350987
050  4 PE1645^bว579พ 2551
100 0  วิทย์ เที่ยงบูรณธรรม
245 10 พจนานุกรมอังกฤษ-ไทย & ไทย-อังกฤษ=^bSe-ED s model English -Thai dictionary/^cวิทย์ เที่ยงบูรณธรรม
246 31 Se-ED s model English -Thai dictionary
260    กรุงเทพฯ :^bซีเอ็ดยูเคชั่น,^c2551
300    1043 หน้า
650  7 ศัพท์
650  7 พจนานุกรมอังกฤษ-ไทย
945    ^p390^l0^i024366
995    ทศพร
999 ^a ใช้งานได้ทุกระบบ
รายการนี้ยังไม่มีแท็ก
คุณยังไม่ได้ล็อกอิน คุณสามารถมีกิจกรรมร่วมกับเว็บไซต์ได้ แต่ต้องล็อกอินก่อน ::
  ล็อกอิน

รายการสื่อสารสนเทศ

ลำดับที่ ประเภท เลขเรียก/บาร์โค้ด สถานที่ สถานะ
- ไม่พบข้อมูล -

รายการใกล้เคียง
    ผู้แต่ง [วิทย์ เที่ยงบูรณธรรม]

    หัวเรื่อง [ศัพท์]
    หัวเรื่อง [พจนานุกรมอังกฤษ-ไทย]

BibComment


ยังไม่เคยถูกคอมเมนท์

คอมเมนท์ทรัพยากรรายการนี้
  คอมเมนท์: พจนานุกรมอังกฤษไท..


 Copyright 2026. Bcnsprnw @Library